ETHICS IN AMERICA (Record no. 20536)
[ view plain ]
| 000 -LEADER | |
|---|---|
| fixed length control field | 00288nam a22001337a 4500 |
| 008 - FIXED-LENGTH DATA ELEMENTS--GENERAL INFORMATION | |
| fixed length control field | 170713b xxu||||| |||| 00| 0 eng d |
| 020 ## - INTERNATIONAL STANDARD BOOK NUMBER | |
| International Standard Book Number | 9780131826250 |
| 041 ## - LANGUAGE CODE | |
| Language code of text/sound track or separate title | eng |
| 080 ## - UNIVERSAL DECIMAL CLASSIFICATION NUMBER | |
| Universal Decimal Classification number | 17 |
| 100 ## - Rafti | |
| Rafti | 24 |
| 101 ## - Shkurtesa | |
| Shkurtesa | FIL |
| 245 ## - TITLE STATEMENT | |
| Title | ETHICS IN AMERICA |
| Statement of responsibility, etc | NEWTON.L.H |
| 942 ## - ADDED ENTRY ELEMENTS (KOHA) | |
| Source of classification or shelving scheme | |
| Item type | Books |
| Withdrawn status | Lost status | Source of classification or shelving scheme | Damaged status | Not for loan | Collection code | Permanent location | Current location | Shelving location | Date acquired | Total Checkouts | Full call number | Barcode | Date last seen | Price effective from | Koha item type |
|---|---|---|---|---|---|---|---|---|---|---|---|---|---|---|---|
| Koleksioni i përgjithshem | UBT - Lipjan | UBT - Lipjan | Koleksioni i përgjithshem | 07/13/2017 | 17NEW | 002-2911798 | 07/13/2017 | 07/13/2017 | Books | ||||||
| Koleksioni i përgjithshem | UBT - Lipjan | UBT - Lipjan | Koleksioni i përgjithshem | 07/13/2017 | 17NEW | 002-2911799 | 07/13/2017 | 07/13/2017 | Books |